| 000 | 00341pab a2200133 454500 | ||
|---|---|---|---|
| 008 | 180718b xxu||||| |||| 00| 0 eng d | ||
| 100 | _aMandal, kalyan Sankar | ||
| 245 | _aPani Panchayat: a model growth with equity | ||
| 650 | _a Irrigation | ||
| 650 | _a Maharashtra | ||
| 650 | _aAgriculture | ||
| 773 | _aFinancial Express | ||
| 909 | _a21614 | ||
| 999 |
_c21614 _d21614 |
||